000 02464cad a22002895a 4500
001 E148364
008 090909s2009 xxk f 000 0 eng d
020 _a9781842195376
035 _a(Sirsi) u148364
041 0 _aeng
050 0 4 _a333.332 $2 18
110 2 _aRoyal Institution of Chartered Surveyors
_94900
245 0 0 _aSustainability and commercial property valuation
_bValuation information paper no. 13
_h[electronic resource]
260 _aCoventry
_bRICS
_c2009
300 _aiv, 24p.
_c30cm.
490 0 _aValuation Information Paper
_v(13)
505 2 _aIntroduction -- The role of the valuer -- A background to sustainability -- Defining sustainable buildings -- Assessing a building's sustainability characteristics: collecting evidence, inspection and other investigations; land use; design and configuration; construction materials and services; location and accessibility considerations; fiscal and legislative considerations; management and leasing issues -- Reflecting sustainability characteristics in the valuation -- Conclusion -- Appendix A, glossary of terms
520 _aSuperseded by L158009 Sustainability and commercial property valuation 2nd ed. RICS Professional Guidance Global in October 2013.
520 _aDiscusses some of the key issues that may be relevant when undertaking valuations of commercial buildings. These include the assessment of whether properties are resilient to environmental risks, and recognition of the changing needs of occupiers as the adoption of Corporate Social Responsibility policies becomes more prevalent. Although many of the issues discussed apply to domestic properties (including those held for investment purposes, specialised properties, and non-commercial properties such as heritage assets), these are not specifically addressed. This VIP relates primarily to those properties that have a wider commercial use and are either owner-occupied or comprise part of an investment portfolio. It has been prepared for global application but local market conditions and the extent of the local recognition of the issues have to be taken into account.
520 _aEffective from 15 September 2009.
521 _aAdvanced
590 _aKA
651 4 _aInternational
690 _aPROPERTY-PROPERTY APPRAISAL AND VALUATION
856 4 1 _uhttps://www.rics.org/Global/Downloads/VIP_13_for_web.pdf
_zView the valuation information paper free of charge at www.rics.org...
942 _n0
999 _c110020
_d110020